000 00406 a2200109 4500
001 ART_25948
005 20260410161935.0
008 260409a
245 1 0 _aCrisis de liquidez y default estratégico en el servicio de la deuda soberana
100 1 _aFernández, Roque B.
773 0 _tAnales de la Academia Nacional de Ciencias Económicas
_g- Vol. XLVIII, (2003) (ene. 2004)
_wREV25596
999 _c28944
_d28944